000 00296nam a2200133Ia 4500
100 _aBakshi/U.A/ Godse/A.P
650 _aEDC
942 _cBK
245 _aElectronic devices and circuits 1
260 _bTechnical
_aPune
_c2007
082 _a621.381/BAK
_bBAK
546 _aENGLISH
999 _c20115
_d20115